000 00563nam a22001937a 4500
005 20260318113806.0
008 260318b |||||||| |||| 00| 0 eng d
020 _a978-93-5465-663-7
050 _aRC 86.G87 2023
100 _aGUPTA SP
245 _aMEDICAL EMERGENCIES IN GENERAL PRACTICE
250 _a10th
260 _aNEW DELHI
_bJAYPEE BROTHERS MEDICAL PUBLISHERS
_c2023
300 _aX,445
500 _aINCLUDES AN INDEX
650 _aEMERGENCY MEDICINE-TEXTBOOKS,FIRST AID IN ILLNESS AND INJURY
700 _aGUPTA DINESH K.
942 _2lcc
_cBK
999 _c216843
_d216843